[Event "SVK-ch I/127 corr"]
[Site "Slovakia"]
[Date "1998.??.??"]
[Round "?"]
[White "Bujdak, Pavol"]
[Black "Racko, Julius"]
[Result "1-0"]
[WhiteElo "1891"]
[BlackElo "1757"]
[PlyCount "45"]
[EventDate "1998.01.31"]
[EventType "tourn (corr)"]
[EventRounds "12"]
[EventCountry "SVK"]
[SourceTitle "Corr 2008"]
[Source "ChessBase"]
[SourceDate "2008.06.24"]
[SourceVersion "1"]
[SourceVersionDate "2008.06.24"]
[SourceQuality "1"]

1. d4 Nf6 2. c4 e5 3. dxe5 Ng4 4. e4 Nxe5 5. f4 Nec6 6. Be3 Na6 7. Nf3 Bc5 8. Qd2 d6 9. a3 Qe7 10. Nc3 0-0 11. b4 Bxe3 12. Qxe3 Nd8 13. Bd3 c6 14. 0-0 Nc7 15. Rae1 f6 16. e5 Bg4 17. Bxh7+ Kh8 18. exd6 Qxd6 19. Bc2 Nf7 20. Ne4 Qe6 21. Qd3 Qd7 22. Nd6 f5 23. Nxf7+ 1-0

[Event "SVK-ch I/127 corr"]
[Site "Slovakia"]
[Date "1998.??.??"]
[Round "?"]
[White "Krakovsky, Peter"]
[Black "Racko, Julius"]
[Result "0-1"]
[WhiteElo "1720"]
[BlackElo "1757"]
[PlyCount "38"]
[EventDate "1998.01.31"]
[EventType "tourn (corr)"]
[EventRounds "12"]
[EventCountry "SVK"]
[SourceTitle "Corr 2008"]
[Source "ChessBase"]
[SourceDate "2008.06.24"]
[SourceVersion "1"]
[SourceVersionDate "2008.06.24"]
[SourceQuality "1"]

1. e4 c5 2. c3 d5 3. exd5 Qxd5 4. d4 e5 5. dxe5 Qxd1+ 6. Kxd1 Nc6 7. Bf4 f6 8. Bb5 Bd7 9. Bxc6 Bxc6 10. f3 0-0-0+ 11. Nd2 g5 12. Bg3 g4 13. Kc2 Bg7 14. Nc4 Nh6 15. Nd6+ Kd7 16. Rd1 Ke6 17. exf6 Bf8 18. Ne4 Bd5 19. c4 Bc6 0-1

[Event "SVK-ch I/127 corr"]
[Site "Slovakia"]
[Date "1998.??.??"]
[Round "?"]
[White "Magula, Rene"]
[Black "Racko, Julius"]
[Result "1/2-1/2"]
[WhiteElo "1889"]
[BlackElo "1757"]
[PlyCount "55"]
[EventDate "1998.01.31"]
[EventType "tourn (corr)"]
[EventRounds "12"]
[EventCountry "SVK"]
[SourceTitle "Corr 2008"]
[Source "ChessBase"]
[SourceDate "2008.06.24"]
[SourceVersion "1"]
[SourceVersionDate "2008.06.24"]
[SourceQuality "1"]

1. d4 Nf6 2. c4 e5 3. dxe5 Ne4 4. Nf3 Nc6 5. a3 d6 6. exd6 Bxd6 7. e3 Bf5 8. Nbd2 Qe7 9. Nxe4 Bxe4 10. Bd3 0-0-0 11. Bxe4 Qxe4 12. Qe2 Na5 13. 0-0 Qxc4 14. Qxc4 Nxc4 15. Ra2 f6 16. b4 a6 17. Rc2 Ne5 18. Nd4 Rhe8 19. Rd1 Nf7 20. Bb2 Be5 21. Rdc1 Rd7 22. f4 Bxd4 23. Bxd4 Kb8 24. Rd2 Red8 25. Rcd1 Nd6 26. Bc5 Kc8 27. Bxd6 Rxd6 28. Rxd6 1/2-1/2

[Event "SVK-ch I/127 corr"]
[Site "Slovakia"]
[Date "1998.??.??"]
[Round "?"]
[White "Racko, Julius"]
[Black "Hudec, Dusan"]
[Result "0-1"]
[WhiteElo "1757"]
[BlackElo "1697"]
[PlyCount "48"]
[EventDate "1998.01.31"]
[EventType "tourn (corr)"]
[EventRounds "12"]
[EventCountry "SVK"]
[SourceTitle "Corr 2008"]
[Source "ChessBase"]
[SourceDate "2008.06.24"]
[SourceVersion "1"]
[SourceVersionDate "2008.06.24"]
[SourceQuality "1"]

1. e4 c5 2. Nf3 d6 3. d4 cxd4 4. Nxd4 Nf6 5. Nc3 e6 6. Bc4 Be7 7. 0-0 Nc6 8. a3 0-0 9. Be3 Nxd4 10. Bxd4 Nxe4 11. Nxe4 d5 12. Bxd5 Qxd5 13. Nc3 Qc4 14. Be3 Bf6 15. Bd2 Rd8 16. Qc1 Bd4 17. Qe1 e5 18. Qe4 Be6 19. Qf3 Rd7 20. Rab1 Rad8 21. Be3 Bxc3 22. bxc3 b6 23. Rbd1 Bd5 24. Qf5 Bxg2 0-1